| 000 | 00586cam a2200205ua 4500 | ||
|---|---|---|---|
| 001 | 1388 | ||
| 008 | 110708n ii |||gr||||Z||||||eng | ||
| 040 | _cMAIN | ||
| 082 | _a333.7 | ||
| 100 |
_aBaruah, Bhupen, _eAuthor. |
||
| 245 | 1 |
_aParibesh Adhyayan : _bKola, Bigyan aru Banijya shakhar babe / _cby Bhupen Baruah |
|
| 250 | _a1st. | ||
| 260 |
_aJorhat: _bBidya Bhawan, _c2004. |
||
| 300 |
_a198p: _bill; _c23cm. |
||
| 653 | _aEnviromental Science | ||
| 653 | _aParibesh Adhyayan | ||
| 700 |
_aRajkhowa, Binoybrot, _eCo-Author. |
||
| 700 |
_aDas, Mollika, _eCo-author. |
||
| 942 | _cBK | ||
| 999 |
_c1283 _d1283 |
||